• 首页
  • 本馆介绍
  • 公告通知
  • 最新文献
  • 馆藏检索
  • 电子资源
  • 读者导购
  • 参考咨询
  • 我的图书馆
  • 登录
  • 详细信息显示
  • 放入我的书架
  • 预约/预借图书
  • 作者相关作品
  • 分类相关作品
  • 丛书相关作品
  • 出版社相关作品

书目信息

  • 表格格式
  • 工作单格式
  • 卡片格式
题名:
现代药物活性筛选
    
 
作者: 段为钢 , 云宇 主编
分册:  
出版信息: 北京   科学出版社  2016
页数: 197页
开本: 26cm
丛书名:
单 册:
中图分类: R965.1
科图分类:
主题词: 药物筛选
电子资源:
ISBN: 978-7-03-049021-6
000 00958nam0 2200229 450
001 3817
005 20181008153123.88
010    @a978-7-03-049021-6@dCNY68.00
100    @a20160826d2016 em y0chiy50 ea
101 0  @achi
102    @aCN@b110000
105    @aa z 000yy
200 1  @a现代药物活性筛选@9xian dai yao wu huo xing shai xuan@f段为钢, 云宇主编
210    @a北京@c科学出版社@d2016
215    @a197页@c图@d26cm
330    @a本书主要按照药物活性筛选体系的构成思路,较系统地介绍了样品库建设、靶点(库)建设和筛选方法。融汇了编者多年的教学和科研经验,根据药物作用的原理对药物活性筛选工作从操作层面进行了梳理,从生物物理学和生物化学角度对分子层面的药物活性筛选方法、细胞层面的活性筛选进行阐述。还从历史的高度归纳了新药发现的历史,收集了与诺贝尔奖有关的新药发现故事。
606 0  @a药物筛选
690    @aR965.1@v5
701  0 @a段为钢@9duan wei gang@4主编
701  0 @a云宇@9yun yu@4主编
801  0 @aCN@b91MARC@c20160826
905    @aMuseLib@dR965.1@e147
    
    现代药物活性筛选/段为钢, 云宇主编.-北京:科学出版社,2016
    197页:图;26cm
    
    
    ISBN 978-7-03-049021-6:CNY68.00
    本书主要按照药物活性筛选体系的构成思路,较系统地介绍了样品库建设、靶点(库)建设和筛选方法。融汇了编者多年的教学和科研经验,根据药物作用的原理对药物活性筛选工作从操作层面进行了梳理,从生物物理学和生物化学角度对分子层面的药物活性筛选方法、细胞层面的活性筛选进行阐述。还从历史的高度归纳了新药发现的历史,收集了与诺贝尔奖有关的新药发现故事。
●
相关链接 在E读中查询图书 在五车中查询图书 在当当中查询图书 在豆瓣中查询图书


正题名:现代药物活性筛选     索取号:R965.1/147         预约/预借

序号 登录号 条形码 馆藏地/架位号 状态 备注
1 1123841   211238418   第二样本阅览室/ [索取号:R965.1/147] 在馆    
2 1123842   211238427   第三借阅区/ [索取号:R965.1/147] 在馆    
3 1123843   211238436   第三借阅区/ [索取号:R965.1/147] 在馆    
唐山师范学院图书馆 欢迎您!
大连网信软件有限公司© 版权所有